00564nam a22001697a 450000500170000001000150001702000260003203500130005803700130007108200100008410000170009424501290011126000370024027000710027730000220034850000240037020100813160935.0 aENG-100250 a9789380060149c175.00 aEN-83782 bDBAD/PUB a006.6 aMahamuni, K. aComputer graphics :bfor under graduate and post graduate computer science students of Indian universities /cby K. Mahamuni aSalembM.S.K. Publicationsc2009 a3/189-E, Athanoor Amman Kovil St., MasinayaganpattibSaleme636103 a123p.c21cm (pbk) aIncludes references